[Event "Titled Tue 10th Jun Early"]
[Site "chess.com INT"]
[Date "2025.06.10"]
[Round "3"]
[White "Sahetchian, Armand"]
[Black "Gutman, Gennadi"]
[Result "1-0"]
[WhiteTitle "CM"]
[BlackTitle "GM"]
[WhiteElo "2024"]
[BlackElo "2445"]
[WhiteFideId "607150"]
[BlackFideId "14102277"]
[EventDate "2025.06.10"]

1. d4 d5 2. Nf3 c6 3. e3 Nf6 4. c4 g6 5. Nc3 Bg7 6. b3 O-O 7. Bd3 Nbd7 8. O-O
Qc7 9. Bb2 Rd8 10. Rc1 Nb6 11. Qe2 dxc4 12. bxc4 c5 13. Nd5 Nbxd5 14. cxd5 Nxd5
15. Rxc5 Qb6 16. h3 Be6 17. Rb5 Qd6 18. Rxb7 Rab8 19. Rxb8 Rxb8 20. Ne5 Nb4 21.
Ba3 Bxe5 22. dxe5 Qxd3 23. Qxd3 Nxd3 24. Bxe7 Nxe5 25. Bd6 Rb5 26. Rd1 Nc4 27.
Be7 Rd5 28. Rb1 Nb6 29. a4 h6 30. e4 Re5 31. Bf6 Rc5 32. Rd1 g5 33. h4 g4 34. e5 1-0

[Event "Titled Tue 10th Jun Early"]
[Site "chess.com INT"]
[Date "2025.06.10"]
[Round "3"]
[White "Nouali, Mohamed"]
[Black "Palmer, Reegan"]
[Result "1-0"]
[WhiteTitle "FM"]
[BlackTitle "CM"]
[WhiteElo "2160"]
[BlackElo "2058"]
[WhiteFideId "5502462"]
[BlackFideId "14322145"]
[EventDate "2025.06.10"]

1. e4 c5 2. Nf3 d6 3. d4 cxd4 4. Nxd4 Nf6 5. Nc3 a6 6. Bc4 e6 7. Bb3 Nbd7 8. Bg5
Nc5 9. f4 Be7 10. Qf3 b5 11. Nc6 Qc7 12. Nxe7 Qxe7 13. e5 Bb7 14. Qg3 Nfe4 15.
Nxe4 Nxe4 16. Bxe7 Nxg3 17. hxg3 Kxe7 18. exd6+ Kxd6 19. O-O-O+ Ke7 20. f5 e5
21. Bxf7 Bxg2 22. Rh2 Bf3 23. Rf1 e4 24. Bd5 Rae8 25. Bc6 Rc8 26. Bxe4 Bxe4 27.
Re1 Rc4 28. b3 Rc7 29. Rxe4+ Kf7 30. Re6 a5 31. Re5 Rb8 32. Rxh7 a4 33. b4 Rbc8
34. Rh2 Rb8 35. a3 Rc3 36. Kb2 Rxg3 37. Rd2 Rb7 38. Rdd5 Rg2 39. Rxb5 Rc7 40.
Rec5 Rd7 41. Ra5 Rg1 42. Rxa4 Rdd1 43. Ra7+ Kf6 44. Ra6+ Kf7 45. Rc7+ Kg8 46.
Ra8+ Kh7 47. Rcc8 Rb1+ 48. Kc3 Rg3+ 49. Kc4 Rf1 50. Rh8# 1-0

[Event "Titled Tue 10th Jun Early"]
[Site "chess.com INT"]
[Date "2025.06.10"]
[Round "3"]
[White "Slovineanu, Viacheslav"]
[Black "Kravtsiv, Martyn"]
[Result "0-1"]
[WhiteTitle "IM"]
[BlackTitle "GM"]
[WhiteElo "2412"]
[BlackElo "2598"]
[WhiteFideId "13900510"]
[BlackFideId "14113147"]
[EventDate "2025.06.10"]

1. d4 d5 2. Nf3 Nf6 3. c4 e6 4. e3 b6 5. b3 Bb7 6. Bd3 Bd6 7. O-O O-O 8. Bb2
dxc4 9. bxc4 c5 10. Nc3 Nc6 11. Rc1 Rc8 12. Qe2 Na5 13. Ne5 Nc6 14. Nf3 Qe7 15.
Rfd1 Rfd8 16. Ne4 Nxe4 17. Bxe4 Na5 18. d5 exd5 19. Bxd5 Bxd5 20. Rxd5 Nc6 21.
Rcd1 h6 22. h3 Bb8 23. Qd3 Bc7 24. Qc3 f6 25. Nh4 Nb4 26. Nf5 Qe4 27. Nxh6+ Kh7
28. f3 Nxd5 29. cxd5 Qa4 30. Nf5 Qxd1+ 0-1

[Event "Titled Tue 10th Jun Early"]
[Site "chess.com INT"]
[Date "2025.06.10"]
[Round "3"]
[White "Moinzai, Khushal"]
[Black "Gales, Randi-Ioan"]
[Result "0-1"]
[WhiteTitle "FM"]
[BlackTitle "CM"]
[WhiteElo "1894"]
[BlackElo "2243"]
[WhiteFideId "11701200"]
[BlackFideId "1285360"]
[EventDate "2025.06.10"]

1. d4 d5 2. Nf3 Nf6 3. c4 e6 4. g3 Be7 5. Bg2 O-O 6. Qc2 b6 7. cxd5 exd5 8. O-O
Bb7 9. Nc3 c5 10. Bf4 Nc6 11. dxc5 bxc5 12. Rfd1 Rc8 13. Qb3 Na5 14. Qc2 d4 15.
e3 Qb6 16. Na4 Qb5 17. b3 Be4 18. Qd2 Qb7 19. Nh4 Rfd8 20. Qxa5 d3 21. Nc3 Bxg2
22. Nxg2 c4 23. bxc4 Bb4 24. Qb5 Qe7 25. Nd5 Nxd5 26. cxd5 d2 27. Rab1 a5 28. d6
Qe4 29. Qe5 Qxb1 30. Rxb1 Rc1+ 31. Ne1 dxe1=Q+ 32. Kg2 Qf1+ 33. Kf3 Qd1+ 34. Kg2
Rxb1 0-1

[Event "Titled Tue 10th Jun Early"]
[Site "chess.com INT"]
[Date "2025.06.10"]
[Round "3"]
[White "Kiremitciyan, Ari"]
[Black "Manukyan, Sargis A."]
[Result "0-1"]
[WhiteTitle "FM"]
[BlackTitle "FM"]
[WhiteElo "2271"]
[BlackElo "2294"]
[WhiteFideId "6373445"]
[BlackFideId "13303970"]
[EventDate "2025.06.10"]

1. Nf3 d5 2. g3 Nf6 3. Bg2 e6 4. O-O Be7 5. b3 O-O 6. Bb2 c5 7. c4 Nc6 8. cxd5
Nxd5 9. d4 cxd4 10. Nxd4 Bf6 11. Nxc6 bxc6 12. Qc1 Ba6 13. Re1 Rc8 14. Na3 Nb6
15. e4 Bxb2 16. Qxb2 c5 17. Rac1 Qe7 18. Bf1 Bxf1 19. Kxf1 Rfd8 20. Nc4 h6 21.
Kg2 Qb7 22. Qe2 Rd4 23. Kg1 Qa6 24. Ne5 Qxe2 25. Rxe2 f6 26. Nf3 Rd3 27. Kg2 c4
28. Rec2 c3 29. Ne1 Rd4 30. Kf3 Rd2 31. Ke3 Rcd8 32. Rxc3 Rxa2 33. Rd3 Rxd3+ 34.
Nxd3 Ra3 35. b4 Rb3 36. Rc7 Na4 37. Rxa7 Nb2 0-1

[Event "Titled Tue 10th Jun Early"]
[Site "chess.com INT"]
[Date "2025.06.10"]
[Round "3"]
[White "Mattenberger, Matthias"]
[Black "Katishonok, Nikolaj"]
[Result "1-0"]
[WhiteTitle "FM"]
[BlackTitle "FM"]
[WhiteElo "2286"]
[BlackElo "2004"]
[WhiteFideId "1339958"]
[BlackFideId "11600225"]
[EventDate "2025.06.10"]

1. d4 Nf6 2. c4 e6 3. Nc3 d5 4. cxd5 Nxd5 5. e4 Nxc3 6. bxc3 c5 7. Nf3 cxd4 8.
cxd4 Bb4+ 9. Bd2 Bxd2+ 10. Qxd2 O-O 11. Bd3 b6 12. O-O Bb7 13. Rfd1 Nc6 14. Qe3
Qe7 15. h4 h6 16. h5 Rfd8 17. Rac1 Rac8 18. Bb1 Na5 19. Qd3 Rxc1 20. Rxc1 e5 21.
Nxe5 Qg5 22. Rc7 Rc8 23. Nxf7 Qxh5 24. Rxc8+ Bxc8 25. Nd6 Be6 26. e5 Kf8 27. d5
Bg8 28. e6 Qe5 29. Nf5 Nb7 30. Qa3+ Nc5 31. Qxa7 Qe1+ 32. Kh2 Qe5+ 33. g3 Bxe6
34. Qe7+ Kg8 35. dxe6 Nxe6 36. Qe8+ Kh7 37. Ne7+ g6 38. Qg8# 1-0

[Event "Titled Tue 10th Jun Early"]
[Site "chess.com INT"]
[Date "2025.06.10"]
[Round "3"]
[White "Huseynova, Lala"]
[Black "Andreev, Konstantin"]
[Result "1-0"]
[WhiteTitle "WFM"]
[BlackTitle "FM"]
[WhiteElo "2045"]
[BlackElo "2208"]
[WhiteFideId "13431781"]
[BlackFideId "24239305"]
[EventDate "2025.06.10"]

1. e4 c5 2. Nf3 e6 3. d4 cxd4 4. Nxd4 Nc6 5. c4 Nf6 6. Nc3 Bb4 7. Nxc6 bxc6 8.
Bd3 d5 9. exd5 exd5 10. cxd5 Nxd5 11. Bd2 O-O 12. O-O Bd6 13. Nxd5 cxd5 14. Qh5
g6 15. Qf3 Be6 16. Bc3 d4 17. Bxd4 Qh4 18. Rfd1 Bxh2+ 19. Kf1 Bg4 20. Qe4 Bf4
21. f3 Bf5 22. Qe1 1-0

[Event "Titled Tue 10th Jun Early"]
[Site "chess.com INT"]
[Date "2025.06.10"]
[Round "3"]
[White "Genkeswaran, Genivan"]
[Black "Castillo Pena, Patricia Evarista"]
[Result "1-0"]
[WhiteTitle "CM"]
[BlackTitle "WFM"]
[WhiteElo "2124"]
[BlackElo "1909"]
[WhiteFideId "5754496"]
[BlackFideId "6412106"]
[EventDate "2025.06.10"]

1. d4 d5 2. c4 c6 3. cxd5 cxd5 4. Nc3 Nf6 5. Nf3 e6 6. Bg5 Be7 7. e3 a6 8. Bd3
O-O 9. h4 Nbd7 10. h5 h6 11. Bxf6 Nxf6 12. Ne5 Bd6 13. Bc2 Qc7 14. f4 b5 15. Rc1
b4 16. Nxd5 Nxd5 17. Bh7+ Kxh7 18. Rxc7 Nxc7 19. Qc2+ Kg8 20. Qc6 Rd8 21. Nc4
Bd7 22. Qxd6 Nb5 23. Qxb4 a5 24. Nxa5 Rdb8 25. Qd2 Nc7 26. O-O Nd5 27. b3 Rc8
28. Nc4 Bb5 29. Rc1 Nf6 30. a4 Be8 31. Nb6 Rxc1+ 32. Qxc1 Rb8 33. a5 Nd5 34.
Nxd5 exd5 35. a6 Ra8 36. Qa3 Bb5 37. a7 Bc6 38. Qa6 Be8 39. Qb7 1-0

[Event "Titled Tue 10th Jun Early"]
[Site "chess.com INT"]
[Date "2025.06.10"]
[Round "3"]
[White "Sjoberg, Isak"]
[Black "Maglioni, Leonardo"]
[Result "1-0"]
[WhiteTitle "FM"]
[WhiteElo "2314"]
[BlackElo "2069"]
[WhiteFideId "1521640"]
[BlackFideId "2896830"]
[EventDate "2025.06.10"]

1. e4 e5 2. Nf3 Nc6 3. Bc4 Nf6 4. d3 Bc5 5. O-O O-O 6. c3 d6 7. a4 a5 8. h3 Bb6
9. Bg5 Be6 10. Nbd2 h6 11. Bh4 g5 12. Nxg5 hxg5 13. Bxg5 Kg7 14. Qf3 Rg8 15. Kh1
Qe7 16. Qg3 Kf8 17. Qh4 Rxg5 18. Qxg5 Ke8 19. f4 exf4 20. Qxf4 Nd7 21. d4 Bxc4
22. Nxc4 Nf8 23. Nxb6 cxb6 24. Rae1 Kd7 25. Qg4+ Kc7 26. Qg7 Nd8 27. e5 d5 28.
c4 Nfe6 29. Qg4 Qd7 30. cxd5 Qxd5 31. Rc1+ Kd7 32. Qg8 Nxd4 33. Rcd1 Rc8 34.
Qg4+ Kc7 35. Rxd4 1-0

[Event "Titled Tue 10th Jun Early"]
[Site "chess.com INT"]
[Date "2025.06.10"]
[Round "3"]
[White "Tahmasebi, Hamidreza"]
[Black "Le, Tuan Minh"]
[Result "0-1"]
[WhiteTitle "FM"]
[BlackTitle "GM"]
[WhiteElo "2298"]
[BlackElo "2598"]
[WhiteFideId "12537527"]
[BlackFideId "12401153"]
[EventDate "2025.06.10"]

1. e4 e5 2. Nf3 Nc6 3. Bb5 a6 4. Ba4 Bc5 5. O-O Nge7 6. c3 Ng6 7. d4 Ba7 8. Bg5
f6 9. Be3 O-O 10. d5 Nce7 11. Bxa7 Rxa7 12. d6 cxd6 13. Qxd6 b5 14. Bb3+ Kh8 15.
Na3 Rb7 16. Rad1 Rb6 17. Qd2 f5 18. exf5 Rxf5 19. Qe3 Rbf6 20. Ng5 d5 21. Nc2
Nf4 22. Ne4 Rg6 23. Ng3 h5 24. Kh1 Rfg5 25. h4 Nf5 26. Nxf5 Rxg2 27. Ncd4 exd4
28. Qxf4 R2g4 29. Qh2 Bxf5 30. Rxd4 Be4+ 31. f3 Rxh4 32. Rd2 Qg5 33. fxe4 Qxd2 0-1

[Event "Titled Tue 10th Jun Early"]
[Site "chess.com INT"]
[Date "2025.06.10"]
[Round "3"]
[White "Dragnev, Valentin"]
[Black "Brancaleoni, Maurizio"]
[Result "1-0"]
[WhiteTitle "GM"]
[BlackTitle "FM"]
[WhiteElo "2547"]
[BlackElo "2185"]
[WhiteFideId "1634852"]
[BlackFideId "803022"]
[EventDate "2025.06.10"]

1. e4 c6 2. Nc3 d5 3. Nf3 dxe4 4. Nxe4 Nf6 5. Nxf6+ exf6 6. Bc4 Bd6 7. Qe2+ Qe7
8. O-O Qxe2 9. Bxe2 O-O 10. d4 Nd7 11. c4 Re8 12. Be3 Nf8 13. Rfd1 Ng6 14. g3
Be6 15. d5 cxd5 16. cxd5 Bd7 17. Nd4 a6 18. Bf1 Rac8 19. Rac1 Ne5 20. Nb3 Bg4
21. Rxc8 Rxc8 22. Rc1 Rxc1 23. Bxc1 Bf3 24. Bg2 Bxg2 25. Kxg2 b6 26. Be3 Nc4 27.
Bd4 Kf8 28. f4 Ke7 29. Kf3 Bb4 30. Ke2 Kd6 31. a3 Bc5 32. Bc3 Kxd5 33. Kd3 Nd6
34. Nd2 b5 35. h3 Nc4 36. Nf3 Bf2 37. g4 Bg3 38. f5 Be5 39. Nxe5 fxe5 40. b3 Nd6
41. Ke3 f6 42. Bb4 g6 43. fxg6 hxg6 44. h4 f5 45. h5 gxh5 46. gxh5 f4+ 47. Kf3
Nf5 48. Bf8 1-0

[Event "Titled Tue 10th Jun Early"]
[Site "chess.com INT"]
[Date "2025.06.10"]
[Round "3"]
[White "Goncharov, Vladimir"]
[Black "Petersson, Kjell"]
[Result "1-0"]
[BlackTitle "CM"]
[WhiteElo "2077"]
[BlackElo "2068"]
[WhiteFideId "34162256"]
[BlackFideId "1705148"]
[EventDate "2025.06.10"]

1. d4 e6 2. c4 f5 3. Nf3 Nf6 4. e3 b6 5. Bd3 Bb7 6. O-O Be7 7. Nc3 O-O 8. d5 Na6
9. Nd4 Nc5 10. Bc2 exd5 11. cxd5 Nxd5 12. Nxd5 Bxd5 13. Nxf5 Bb7 14. Nxe7+ Qxe7
15. f3 Ne6 16. Rb1 Rae8 17. b4 Ba6 18. b5 Bb7 19. Qd3 g6 20. Re1 Nc5 21. Qd4 Qe5
22. Qd2 Qg5 23. e4 Qh4 24. Bb2 Ne6 25. Bb3 Rf7 26. Qc3 Rf6 27. Qxf6 Qxf6 28.
Bxf6 Rf8 29. Bxe6+ dxe6 30. Be5 Rd8 31. Red1 1-0

[Event "Titled Tue 10th Jun Early"]
[Site "chess.com INT"]
[Date "2025.06.10"]
[Round "3"]
[White "Przybylski, Bartosz"]
[Black "Marichal Gonzalez, Ariel"]
[Result "0-1"]
[WhiteTitle "CM"]
[BlackTitle "IM"]
[WhiteElo "2101"]
[BlackElo "2268"]
[WhiteFideId "21878323"]
[BlackFideId "3503232"]
[EventDate "2025.06.10"]

1. a3 g6 2. d4 Bg7 3. Nc3 d5 4. Nf3 Nf6 5. Bf4 O-O 6. h4 h5 7. e3 c6 8. Ne5 Bf5
9. Bd3 Bxd3 10. Qxd3 c5 11. g4 cxd4 12. exd4 hxg4 13. h5 Nxh5 14. Rxh5 gxh5 15.
O-O-O Nc6 16. Rh1 Nxe5 17. dxe5 f5 18. exf6 Rxf6 19. Be5 Rh6 20. Qe3 e6 21. Bf4
d4 22. Qe4 dxc3 23. Bxh6 Bxh6+ 24. Kb1 Qg5 25. Qxe6+ Kh7 26. Qf7+ Qg7 27. Qf5+
Qg6 28. Qd7+ Kh8 29. Qxb7 Rf8 30. Qd5 Rf5 31. Qd8+ Kh7 32. Qd7+ Bg7 33. Qd3 cxb2
34. a4 Rc5 0-1

[Event "Titled Tue 10th Jun Early"]
[Site "chess.com INT"]
[Date "2025.06.10"]
[Round "3"]
[White "Kourkoulos-Arditis, Stamatis"]
[Black "Diachek, Andrii"]
[Result "1-0"]
[WhiteTitle "GM"]
[BlackTitle "CM"]
[WhiteElo "2580"]
[BlackElo "2177"]
[WhiteFideId "4221990"]
[BlackFideId "34106499"]
[EventDate "2025.06.10"]

1. b3 d5 2. Bb2 Nf6 3. e3 g6 4. Nf3 Bg7 5. c4 c6 6. Nc3 O-O 7. Be2 Re8 8. d4 Bf5
9. O-O Ne4 10. Rc1 Nxc3 11. Bxc3 Nd7 12. cxd5 cxd5 13. Qd2 Nf6 14. Ba5 b6 15.
Bb4 Ne4 16. Qb2 Bd7 17. Ne5 e6 18. a4 Bxe5 19. dxe5 a5 20. Ba3 Qb8 21. Qd4 Nc5
22. Rc3 Rc8 23. Rfc1 Qb7 24. f3 Be8 25. h4 Nd7 26. Bd6 Rxc3 27. Qxc3 Nc5 28. h5
Rc8 29. h6 Bd7 30. Qd4 Nxb3 31. Rxc8+ Qxc8 32. Qh4 Qc1+ 33. Kf2 1-0

[Event "Titled Tue 10th Jun Early"]
[Site "chess.com INT"]
[Date "2025.06.10"]
[Round "3"]
[White "Palchuk, Andrii"]
[Black "Rom, Jasper"]
[Result "1-0"]
[WhiteTitle "FM"]
[WhiteElo "2339"]
[BlackElo "2163"]
[WhiteFideId "14176688"]
[BlackFideId "2023733"]
[EventDate "2025.06.10"]

1. d4 d5 2. c4 e6 3. Nf3 c6 4. g3 Nf6 5. Bg2 Be7 6. O-O O-O 7. Qd3 b6 8. Nbd2
Ba6 9. b3 Nbd7 10. e4 Rc8 11. Bb2 Bb7 12. Rac1 c5 13. exd5 exd5 14. Rfd1 Re8 15.
Ne5 dxc4 16. Qxc4 Nxe5 17. dxe5 Bxg2 18. exf6 Bxf6 19. Bxf6 Qxf6 20. Kxg2 Rcd8
21. Nf3 h6 22. Rxd8 Rxd8 23. b4 cxb4 24. Qxb4 Qf5 25. Qf4 Qd5 26. Qc4 Qa8 27.
Qc6 Qxc6 28. Rxc6 Rd3 29. Rc8+ Kh7 30. a4 Ra3 31. Rc4 Ra2 32. Ne5 f6 33. Nc6 a5
34. Ne7 Rb2 35. Rc6 b5 36. axb5 Rxb5 37. Ra6 h5 38. Nc6 Kh6 39. Rxa5 Rb6 40. Nd4
g6 41. h4 Rd6 42. Nf3 Re6 43. Rd5 Re7 44. Rd6 Kg7 45. Nd4 Kf7 46. Kf3 Re5 47.
Rd7+ Ke8 48. Rg7 g5 49. Nc6 Rf5+ 50. Ke3 gxh4 51. gxh4 Kf8 52. Rh7 Kg8 53. Ne7+
Kxh7 54. Nxf5 Kg6 55. Kf4 Kf7 56. Nd4 Kg6 57. Ke4 1-0

[Event "Titled Tue 10th Jun Early"]
[Site "chess.com INT"]
[Date "2025.06.10"]
[Round "3"]
[White "Mata Gonzalez, Jose Fernando"]
[Black "Mladenov, Plamen"]
[Result "0-1"]
[WhiteTitle "CM"]
[BlackTitle "IM"]
[WhiteElo "2164"]
[BlackElo "2362"]
[WhiteFideId "5107423"]
[BlackFideId "2906198"]
[EventDate "2025.06.10"]

1. e4 c5 2. Nf3 d6 3. d4 cxd4 4. Nxd4 Nf6 5. Nc3 Nc6 6. Bc4 e6 7. O-O a6 8. h3
Na5 9. Bb3 b5 10. Bg5 Qc7 11. Qf3 Be7 12. Qg3 Nxb3 13. axb3 Bb7 14. Bxf6 gxf6
15. Qg7 Rf8 16. Qxh7 O-O-O 17. Qh6 Rg8 18. Qe3 Qc5 19. Rfd1 f5 20. Kf1 Kb8 21.
b4 Qb6 22. f3 fxe4 23. Nxe4 f5 24. Nc3 Bf6 25. Qf2 Rde8 26. Rd2 Bg5 27. Rd3 Bf4
28. Re1 Bg3 29. Qe2 Bxe1 30. Qxe1 e5 31. Nxf5 Ref8 32. Nxd6 Bxf3 33. Rxf3 Rxf3+
34. Ke2 Re3+ 35. Kd2 Rxe1 36. Kxe1 Qxd6 0-1

[Event "Titled Tue 10th Jun Early"]
[Site "chess.com INT"]
[Date "2025.06.10"]
[Round "3"]
[White "Novosel, Lovro"]
[Black "Jiganchine, Roman"]
[Result "1-0"]
[WhiteTitle "FM"]
[BlackTitle "CM"]
[WhiteElo "2338"]
[BlackElo "2205"]
[WhiteFideId "14547120"]
[BlackFideId "2603667"]
[EventDate "2025.06.10"]

1. Nf3 d5 2. c4 e6 3. e3 Nf6 4. b3 Bd6 5. Bb2 O-O 6. Be2 c5 7. cxd5 exd5 8. O-O
Nc6 9. d4 Bg4 10. Nbd2 Rc8 11. h3 Bh5 12. Rc1 cxd4 13. Bxd4 Ne4 14. Bb2 Bb8 15.
Re1 Qd6 16. Nf1 Rfe8 17. Nd4 Bg6 18. Nxc6 bxc6 19. Qd4 f6 20. Red1 Qe6 21. Bg4
Bf5 22. Bf3 Bxh3 23. gxh3 Qxh3 24. Bg2 Qh4 25. Rc2 Re5 26. f3 c5 27. Qa4 Rg5 28.
Qd7 Rxg2+ 29. Kxg2 Qg5+ 30. Qg4 Qxg4+ 31. fxg4 Ng5 32. Rxd5 Kf7 33. Rcxc5 1-0

[Event "Titled Tue 10th Jun Early"]
[Site "chess.com INT"]
[Date "2025.06.10"]
[Round "3"]
[White "Klimkowski, Jan"]
[Black "Kuzmin, Roman"]
[Result "1-0"]
[WhiteTitle "GM"]
[BlackTitle "FM"]
[WhiteElo "2508"]
[BlackElo "2203"]
[WhiteFideId "21856222"]
[BlackFideId "44134932"]
[EventDate "2025.06.10"]

1. e4 c5 2. Nf3 d6 3. Bb5+ Nd7 4. a4 Nf6 5. Nc3 a6 6. Be2 g6 7. O-O Bg7 8. a5
O-O 9. d3 b5 10. axb6 Qxb6 11. Qd2 e6 12. Qg5 Bb7 13. Qh4 d5 14. e5 Ne8 15. Bh6
Qc7 16. Ng5 Qxe5 17. Nxh7 d4 18. Nxf8 Nxf8 19. Bxg7 Nxg7 20. Ne4 f5 21. f4 Qc7
22. Ng5 e5 23. fxe5 Qxe5 24. Bf3 Bxf3 25. Nxf3 Qd6 26. Rfe1 Nh5 27. Qe7 Qb6 28.
Ng5 Ra7 29. Qe8 Qf6 30. Ne6 Rf7 31. Nxf8 Rxf8 32. Qe6+ Kg7 33. Rxa6 Qg5 34. Qe5+
Kh6 35. Qxc5 Nf4 36. Qxf8+ Kh5 37. Qh8+ Kg4 38. Rf1 1-0

[Event "Titled Tue 10th Jun Early"]
[Site "chess.com INT"]
[Date "2025.06.10"]
[Round "3"]
[White "Boramanikar, Tanisha S"]
[Black "Gu, Xiaobing"]
[Result "0-1"]
[WhiteTitle "WCM"]
[BlackTitle "WGM"]
[WhiteElo "1743"]
[BlackElo "2148"]
[WhiteFideId "35023454"]
[BlackFideId "8602611"]
[EventDate "2025.06.10"]

1. e4 c5 2. Nf3 d6 3. Bb5+ Nc6 4. O-O Bd7 5. c3 Nf6 6. Re1 a6 7. Bd3 e5 8. Bc2
Be7 9. d4 cxd4 10. cxd4 Rc8 11. Nc3 Bg4 12. dxe5 Nxe5 13. Bf4 Bxf3 14. gxf3 Qa5
15. Kh1 O-O 16. Rg1 Kh8 17. Qe2 Nc4 18. Rg5 Qb4 19. Rag1 Qxb2 20. Na4 Qd4 21.
Rxg7 Nh5 22. Be3 Nxe3 23. fxe3 Qxg7 24. Rxg7 Kxg7 25. Qg2+ Kh8 26. Qh3 Rxc2 27.
Qxh5 Rg8 0-1

[Event "Titled Tue 10th Jun Early"]
[Site "chess.com INT"]
[Date "2025.06.10"]
[Round "3"]
[White "Sanhueza, Cristian"]
[Black "Salinas Herrera, Pablo"]
[Result "0-1"]
[WhiteTitle "FM"]
[BlackTitle "GM"]
[WhiteElo "2213"]
[BlackElo "2447"]
[WhiteFideId "116815"]
[BlackFideId "3407128"]
[EventDate "2025.06.10"]

1. e4 c5 2. Nf3 e6 3. d4 cxd4 4. Nxd4 a6 5. Be2 Qc7 6. O-O Nf6 7. Nc3 b5 8. Bf3
e5 9. Nf5 d6 10. Bg5 Nbd7 11. Re1 Bb7 12. a4 b4 13. Nd5 Nxd5 14. exd5 g6 15. Nd4
Bg7 16. Nc6 a5 17. Qd2 h6 18. Be7 Nb6 19. Nxe5 dxe5 20. d6 Qd7 21. Qe3 Nc4 22.
Qc5 Rc8 23. Qb5 Bxf3 24. gxf3 Qxb5 25. axb5 Kd7 26. b3 Nxd6 27. Bxd6 Kxd6 28.
Rxa5 Ra8 29. Rd1+ Ke6 30. Ra6+ Rxa6 31. bxa6 Ra8 32. Ra1 e4 33. Ra4 exf3 34. h4
Bc3 35. Kh2 Be5+ 36. Kh3 f5 37. Rxb4 Rxa6 38. Rc4 Ra1 39. Rc6+ Kd5 0-1

[Event "Titled Tue 10th Jun Early"]
[Site "chess.com INT"]
[Date "2025.06.10"]
[Round "3"]
[White "Mitrabha, Guha"]
[Black "Nitish, Belurkar"]
[Result "1-0"]
[WhiteTitle "GM"]
[BlackTitle "IM"]
[WhiteElo "2515"]
[BlackElo "2454"]
[WhiteFideId "5057000"]
[BlackFideId "5084768"]
[EventDate "2025.06.10"]

1. Nf3 Nf6 2. b3 g6 3. Bb2 Bg7 4. g3 d6 5. Bg2 e5 6. O-O O-O 7. c4 Re8 8. Nc3 c6
9. e4 Bg4 10. h3 Bxf3 11. Bxf3 c5 12. d3 Nc6 13. Bg2 Nd4 14. Bc1 a6 15. Be3 Nd7
16. h4 h5 17. Bh3 Nf6 18. Kh1 b5 19. Bg5 Qa5 20. Bd2 Qb6 21. Rb1 Qc6 22. Bg5 b4
23. Ne2 a5 24. Nxd4 cxd4 25. f4 Nh7 26. f5 a4 27. Bd2 axb3 28. axb3 Qc5 29. Ra1
Nf6 30. Qe1 Qb6 31. Qf2 Ra3 32. Bg5 Rf8 33. Rab1 Qa5 34. Rb2 Qa6 35. Qd2 1-0

[Event "Titled Tue 10th Jun Early"]
[Site "chess.com INT"]
[Date "2025.06.10"]
[Round "3"]
[White "Kovalevsky, Stanislav"]
[Black "Rubes, Jan"]
[Result "0-1"]
[WhiteTitle "FM"]
[BlackTitle "IM"]
[WhiteElo "2105"]
[BlackElo "2426"]
[WhiteFideId "13508598"]
[BlackFideId "338176"]
[EventDate "2025.06.10"]

1. c4 e6 2. e4 d5 3. exd5 exd5 4. cxd5 Nf6 5. Bb5+ Bd7 6. Bc4 b5 7. Bb3 Bg4 8.
f3 Bf5 9. Qe2+ Qe7 10. Nc3 a6 11. d4 Nbd7 12. Be3 Nb6 13. a3 O-O-O 14. Rc1 Nfxd5
15. Nxd5 Nxd5 16. Bxd5 Rxd5 17. Bf4 Qxe2+ 18. Nxe2 Bd6 19. Bxd6 Rxd6 20. Kf2 Re8
21. Rc3 Re7 22. Rhc1 Kb7 23. Ng3 Bg6 24. Ne2 c6 25. h4 f6 26. Rd1 Bf7 27. Ng3
Rd5 28. Ne4 Kb6 29. Rdc1 Be8 30. Nc5 Rxd4 31. Nb3 Rd6 0-1

[Event "Titled Tue 10th Jun Early"]
[Site "chess.com INT"]
[Date "2025.06.10"]
[Round "3"]
[White "Bournel, Antoine"]
[Black "Atakhan, Abtin"]
[Result "0-1"]
[WhiteTitle "IM"]
[BlackTitle "IM"]
[WhiteElo "2423"]
[BlackElo "2388"]
[WhiteFideId "26093553"]
[BlackFideId "22502203"]
[EventDate "2025.06.10"]

1. Nf3 Nf6 2. e3 d5 3. Be2 e6 4. O-O Bd6 5. b3 b6 6. Bb2 Bb7 7. c4 O-O 8. Nc3
Nbd7 9. Nb5 Be7 10. cxd5 exd5 11. Rc1 Nc5 12. Nbd4 a5 13. Nf5 Re8 14. Nxe7+ Qxe7
15. Nd4 Qd7 16. h3 Ba6 17. d3 Nb7 18. Nc6 Re6 19. Bg4 Nxg4 20. Qxg4 f6 21. Nd4
Rd6 22. Nf5 h5 23. Qxh5 Re6 24. Rfd1 c5 25. Qg6 Nd6 26. Nh6+ Kh8 27. Ng4 Qf7 28.
Qxf7 Nxf7 29. d4 c4 30. bxc4 Bxc4 31. a4 Nd6 32. Bc3 Ne4 33. Be1 Bb3 34. Rd3
Bxa4 35. f3 Bb5 36. Rb3 Bc4 37. Rb2 Ng5 38. h4 Nf7 0-1

[Event "Titled Tue 10th Jun Early"]
[Site "chess.com INT"]
[Date "2025.06.10"]
[Round "3"]
[White "Gurevich, Dmitry"]
[Black "Stemmler, Fabian"]
[Result "1-0"]
[WhiteTitle "GM"]
[BlackTitle "CM"]
[WhiteElo "2338"]
[BlackElo "2190"]
[WhiteFideId "2000407"]
[BlackFideId "12964808"]
[EventDate "2025.06.10"]

1. d4 Nf6 2. c4 g6 3. Nc3 Bg7 4. e4 d6 5. Nf3 O-O 6. Be2 e5 7. O-O Nbd7 8. Be3
Ng4 9. Bg5 f6 10. Bd2 f5 11. d5 Nc5 12. Ne1 Nf6 13. f3 a5 14. Be3 f4 15. Bf2 g5
16. Nd3 b6 17. a3 h5 18. b4 axb4 19. axb4 Rxa1 20. Qxa1 Nb3 21. Qa7 Nd2 22. Rc1
g4 23. Qa2 gxf3 24. gxf3 Ndxe4 25. Nxe4 Nxe4 26. fxe4 f3 27. Bf1 Bh6 28. Re1 Rf7
29. Kh1 Rg7 30. Be3 Bxe3 31. Rxe3 Qg5 32. Qf2 Bg4 33. h3 Kh7 34. hxg4 hxg4 35.
Qh2+ Kg8 36. Rxf3 gxf3 37. Bh3 Qe3 38. Be6+ Kf8 39. Qh8+ Ke7 40. Qxg7+ Kd8 41.
Qf8# 1-0